भारतीय पक्षी (Record no. 338839)

MARC details
000 -LEADER
fixed length control field 00681nam a2200181Ia 4500
008 - FIXED-LENGTH DATA ELEMENTS--GENERAL INFORMATION
fixed length control field 090711s9999 xx 000 0 und d
082 ## - DEWEY DECIMAL CLASSIFICATION NUMBER
Item number 1800
100 ## - MAIN ENTRY--PERSONAL NAME
Personal name अली सलिम / फतेहअली लईक
245 ## - TITLE STATEMENT
Title भारतीय पक्षी
260 ## - PUBLICATION, DISTRIBUTION, ETC. (IMPRINT)
Name of publisher, distributor, etc "नॅशनल बुक ट्रस्ट, इंडिया"
Date of publication, distribution, etc 2000
300 ## - PHYSICAL DESCRIPTION
Extent 104
600 ## - SUBJECT ADDED ENTRY--PERSONAL NAME
Personal name अली सलिम / फतेहअली लईक
630 ## - SUBJECT ADDED ENTRY--UNIFORM TITLE
Uniform title भारतीय पक्षी
700 ## - ADDED ENTRY--PERSONAL NAME
Personal name सोवनी रा. वि.
700 ## - ADDED ENTRY--PERSONAL NAME
Personal name अली सलिम / फतेहअली लईक
730 ## - ADDED ENTRY--UNIFORM TITLE
Uniform title भारतीय पक्षी
942 ## - ADDED ENTRY ELEMENTS (KOHA)
Koha item type Book

No items available.